| 000 | 01026cam a22002534a 4500 | ||
|---|---|---|---|
| 001 | 12953706 | ||
| 005 | 20241214162837.0 | ||
| 008 | 021001s2003 nyua b 001 0 eng | ||
| 020 | _a9780071381833 | ||
| 050 | 0 | 0 |
_aQM451 _b.M27 2003 |
| 082 | 0 | 0 |
_a611/.8 _221 |
| 100 | 1 |
_aMartin, John H. _q(John Harry), _d1951- |
|
| 245 | 1 | 0 |
_aNeuroanatomy : _btext and atlas / _cJohn H. Martin ; medical photography by Howard J. Radzyner ; illustrated by Michael E. Leonard. |
| 250 | _a3rd ed. | ||
| 260 |
_aNew York, N.Y. : _bMcGraw-Hill, _cc2003. |
||
| 300 |
_axxiv, 532 p. : _bill. ; _c28 cm. |
||
| 650 | 0 | _aNeuroanatomy. | |
| 650 | 0 |
_aNeuroanatomy _vAtlases. |
|
| 650 | 1 | 2 |
_aCentral Nervous System _xanatomy & histology. |
| 650 | 2 | 2 |
_aCentral Nervous System _xanatomy & histology _vAtlases. |
| 856 | 4 | 2 |
_3Publisher description _uhttp://www.loc.gov/catdir/description/mh031/2002035061.html |
| 856 | 4 | 2 |
_3Contributor biographical information _uhttp://www.loc.gov/catdir/enhancements/fy0739/2002035061-b.html |
| 942 |
_2lcc _cBK _e3rd ed. _n0 |
||
| 999 |
_c2240 _d2240 |
||